Jan Svankmajer

11 έργα του τσέχου δημιουργού κινουμένων σχεδίων Svankmajer, ο οποίος έχει μαγέψει το κοινό με τις περίεργες μεταμορφώσεις αντικειμένων και ζωντανών όντων.

Αποθηκεύτηκε σε:
Λεπτομέρειες βιβλιογραφικής εγγραφής
Άλλοι συγγραφείς: Svankmajer, Jan 1934- (Διευθυντής)
Μορφή: Διαφάνειες
Γλώσσα:English
Δημοσίευση: [London] : Connoisseur Video, 1991
Σειρά:Connoisseur animation collection
Θέματα:
Ετικέτες: Προσθήκη ετικέτας
Δεν υπάρχουν, Καταχωρήστε ετικέτα πρώτοι!

MARC

LEADER 00000 gm a2200000 i 4500
001 1/26781
008 130228s1991 eng d
035 |l 10113893 
040 |a GR-MY-UA  |b gre  |e aacr 
041 0 |a eng 
082 0 |a 791.4334  |2 (22) 
245 1 0 |a Jan Svankmajer  |h [μαγνητοσκόπηση] 
246 3 3 |a Svankmajer [μαγνητοσκόπηση] 
260 |a [London] :   |b Connoisseur Video,   |c 1991 
300 |a 2 βιντεοκασέτες (135 λεπτ.);  |b ομίλ., έγχρ. & ασπρόμ.;  |c 1/2 ίν. 
490 1 |a Connoisseur animation collection 
500 |a VHS 
505 0 |a VC 1: Dimensions of dialogue (1982, 12 λεπτ.)The flat (1968, 13 λεπτ.)The last trick (1964, 12 λεπτ.)Down to the cellar (1982, 14 λεπτ.)Virile games (1988, 17 λεπτ.)VC 2: Jabberwocky (1971, 14 λεπτ.)Johann Sebastian Bach: fantasia in G Minor (1965, 9 λεπτ.)Punch and Judy (1966, 10 λεπτ.)Leonardo's diary (1972, 12 λεπτ.)The ossuary (1970, 10 λεπτ.)The death of stalinism in Bohemia (1990, 10 λεπτ.) 
520 |a 11 έργα του τσέχου δημιουργού κινουμένων σχεδίων Svankmajer, ο οποίος έχει μαγέψει το κοινό με τις περίεργες μεταμορφώσεις αντικειμένων και ζωντανών όντων. 
600 1 0 |a Svankmajer Jan  |d 1934- 
650 0 0 |a Animated films  |z Czech Rebublic. 
650 0 0 |a Short films. 
650 0 0 |a Surrealism in motion pictures. 
700 1 |a Svankmajer, Jan  |d 1934-  |4 drt 
830 0 |a Connoisseur animation collection 
852 |a INST  |b SYROS  |c AV  |e 20130228  |h 791.4334 SVA  |p 005500010594  |q 005500010594  |t VC  |y 23  |z vd.2 
852 |a INST  |b SYROS  |c AV  |e 20130228  |h 791.4334 SVA  |p 005500010595  |q 005500010595  |t VC  |y 23  |z vc.1 
852 |a INST  |b SYROS  |c AV  |e 20130228  |h 791.4334 SVA  |p 005500010594  |q 005500010594  |t VC  |v vd.2:  |y 23  |z vd.2 
852 |a INST  |b SYROS  |c AV  |e 20130228  |h 791.4334 SVA  |p 005500010595  |q 005500010595  |t VC  |v vc.1:  |y 23  |z vc.1 
853 |a INST  |b SYROS  |c AV  |h 791.4334 SVA 
901 |a BIBL5-2008-1 
909 |a Ε  |b 129762 
909 |a Ε  |b 129763 
920 |a ΑΝΑΜΟΡΦΩΣΗ  |b ΕΠΕΑΚ ΙΙ-ΤΜΣΠΣ  |y ΣΥΡΟΣ  |z 2006-06 
970 |a ΚΟΝΤΟΥ  |b ΠΑΡΑΣΚΕΥΗ  |z 2013/02/28